000 00613nam a2200181 4500
001 143094
003 ES-MaACL
005 20240603132826.0
007 t|
008 070214s1968 sp r ||||1| spa d
100 1 _aSelke, Angela.
_9105315
245 1 3 _aEl Santo Oficio de la Inquisición
_b: proceso de Fr. Francisco Ortiz (1529-1932) /
_cAngela Selke ; prólogo de José Luis L. Aranguren.
260 _aMadrid :
_bGuadarrama,
_c1968 (
_fEosgraf)
300 _a402 p. ;
_c21 cm.
700 1 _aAranguren, José Luis L.,
_d1909-1996
_922315
852 _aES-MaACL
_jG-6722
_bR.65918
999 _c143094
_d143094